| 000 | 00430 a2200169 4500 | ||
|---|---|---|---|
| 001 | 185803 | ||
| 020 | _a978-85-16-07488-3 | ||
| 040 | _cMagnum | ||
| 100 | _aRocha, Ruth | ||
| 240 | 1 | 0 |
_aNo tempo em que a televisão mandava no carlinhos... _lpor |
| 245 | 1 | 0 | _aNo tempo em que a televisão mandava no carlinhos... |
| 300 | _a29 | ||
| 362 | 0 | _a2011 | |
| 440 | 1 | _aModerna | |
| 697 | _aLITERATURA INFANTO-JUVENIL | ||
| 942 | _cBK | ||
| 999 |
_c185803 _d185803 |
||